[Event "Prague Masters 6th"]
[Site "Prague"]
[Date "2024.03.04"]
[Round "6"]
[White "Abdusattorov, Nodirbek"]
[Black "Praggnanandhaa, Rameshbabu"]
[Result "0-1"]
[WhiteElo "2744"]
[BlackElo "2747"]
[PlyCount "112"]
[EventDate "2024.02.26"]
[EventType "tourn"]
[EventRounds "9"]
[EventCountry "CZE"]
[EventCategory "19"]
[SourceTitle "CB11_2024"]
[SourceDate "2024.03.13"]
[SourceVersion "1"]
[SourceVersionDate "2024.03.13"]
[SourceQuality "1"]

1. e4 e5 2. Nf3 Nc6 3. Bb5 a6 4. Ba4 Nge7 5. 0-0 Ng6 6. c3 d5 7. exd5 Qxd5 8. Bb3 Qd3 9. Bc2 Qd6 10. Re1 Be6 11. d4 Be7 12. Be3 exd4 13. Nxd4 Nxd4 14. Bxd4 0-0 15. Nd2 c5 16. Be3 Qc7 17. Qh5 Rad8 18. g3 Rd5 19. Qe2 b5 20. f4 Qc8 21. Be4 Rdd8 22. a4 Bg4 23. Qf2 Bf5 24. axb5 axb5 25. Bg2 Bh3 26. Bh1 b4 27. c4 Bf6 28. Ra8 Qd7 29. Rxd8 Rxd8 30. Ne4 Qd3 31. Bxc5 Qxc4 32. Nd6 Qb3 33. Bf3 h6 34. Bh5 Qd5 35. Bf3 Qb3 36. Re2 Rxd6 37. Re8+ Kh7 38. Bxd6 Bd4 39. Qxd4 Qxf3 40. Qf2 Qd1+ 41. Re1 Qxd6 42. Qe3 Be6 43. Re2 Ne7 44. Qe5 Qb6+ 45. Qe3 Qxe3+ 46. Rxe3 b3 47. Kf2 g6 48. g4 Kg7 49. h3 Kf6 50. Re4 h5 51. Kg3 Nd5 52. Kh4 hxg4 53. hxg4 Kg7 54. g5 Bf5 55. Rc4 Bc2 56. Kg3 Ne3 0-1

[Event "Prague Masters 6th"]
[Site "Prague"]
[Date "2024.03.02"]
[Round "5"]
[White "Bartel, Mateusz"]
[Black "Abdusattorov, Nodirbek"]
[Result "0-1"]
[WhiteElo "2660"]
[BlackElo "2744"]
[PlyCount "56"]
[EventDate "2024.02.26"]
[EventType "tourn"]
[EventRounds "9"]
[EventCountry "CZE"]
[EventCategory "19"]
[SourceTitle "CB11_2024"]
[SourceDate "2024.03.13"]
[SourceVersion "1"]
[SourceVersionDate "2024.03.13"]
[SourceQuality "1"]

1. e4 c5 2. Nf3 Nc6 3. Nc3 g6 4. d4 cxd4 5. Nxd4 Bg7 6. Be3 Nf6 7. Bc4 0-0 8. Bb3 d6 9. h3 Bd7 10. 0-0 Na5 11. Qd3 a6 12. Rfe1 Rc8 13. Rad1 b5 14. Bg5 Re8 15. Nd5 Nxd5 16. exd5 Nc4 17. Bxc4 bxc4 18. Qe3 Qa5 19. Qe4 Qxa2 20. Qh4 Qxb2 21. Bxe7 h6 22. Qf4 Ba4 23. Nc6 Bxc6 24. dxc6 Rxc6 25. Bxd6 Rxe1+ 26. Rxe1 Qxc2 27. g4 Rc8 28. Qf3 Qb3 0-1

[Event "Bundesliga 2324"]
[Site "Germany"]
[Date "2024.02.23"]
[Round "9.4"]
[White "Abdusattorov, Nodirbek"]
[Black "Kamsky, Gata"]
[Result "1-0"]
[WhiteElo "2716"]
[BlackElo "2641"]
[PlyCount "51"]
[EventDate "2023.10.21"]
[EventType "team-tourn"]
[EventRounds "15"]
[EventCountry "GER"]
[SourceTitle "CB09_2024"]
[SourceDate "2024.02.28"]
[SourceVersion "1"]
[SourceVersionDate "2024.02.28"]
[SourceQuality "1"]
[WhiteTeam "Viernheim"]
[BlackTeam "Deizisau"]
[WhiteTeamCountry "GER"]
[BlackTeamCountry "GER"]

1. e4 c5 2. Nf3 e6 3. d4 cxd4 4. Nxd4 Nc6 5. Nc3 Qc7 6. Be3 a6 7. Bd3 b5 8. Nxc6 Qxc6 9. Qd2 Bb7 10. 0-0-0 b4 11. Ne2 Nf6 12. f3 Bc5 13. Kb1 d6 14. h4 Nd7 15. h5 h6 16. c3 a5 17. Nd4 Qb6 18. Bb5 Rd8 19. Rh3 bxc3 20. Qxc3 Ke7 21. a4 Ne5 22. Rg3 Rhg8 23. Ka1 Rc8 24. f4 Bxd4 25. Bxd4 Rxc3 26. Rxc3 1-0

[Event "Tata Steel-A 86th"]
[Site "Wijk aan Zee"]
[Date "2024.01.24"]
[Round "10"]
[White "Warmerdam, Max"]
[Black "Abdusattorov, Nodirbek"]
[Result "0-1"]
[WhiteElo "2625"]
[BlackElo "2727"]
[PlyCount "142"]
[EventDate "2024.01.13"]
[EventType "tourn"]
[EventRounds "13"]
[EventCountry "NED"]
[EventCategory "19"]
[SourceTitle "CB05_2024"]
[SourceDate "2024.01.31"]
[SourceVersion "1"]
[SourceVersionDate "2024.01.31"]
[SourceQuality "1"]

1. d4 d5 2. c4 dxc4 3. Nf3 Nf6 4. e3 Bg4 5. Bxc4 e6 6. 0-0 Nbd7 7. Nc3 c6 8. Be2 Be7 9. b3 0-0 10. Bb2 Rc8 11. h3 Bh5 12. Rc1 Nd5 13. Nd2 Bg6 14. Nde4 f5 15. Nd2 N7f6 16. Bf3 b5 17. a4 a6 18. Qe2 Bb4 19. g3 Qe8 20. Bg2 Bh5 21. Qd3 Qg6 22. Ndb1 Bd6 23. Ne2 Nb4 24. Qd1 f4 25. exf4 Nd3 26. Rc3 Nxb2 27. Qd2 Nxa4 28. bxa4 Bb4 29. g4 Nxg4 30. hxg4 Bxg4 31. Ng3 Bf5 32. Qe3 Bxc3 33. Nxc3 Bc2 34. Nce4 Bxe4 35. Nxe4 Qg4 36. Nc5 Rf6 37. a5 Rg6 38. Qe4 Rd8 39. Re1 Rd6 40. Kf1 b4 41. Nxa6 Rf6 42. Nxb4 Rxf4 43. Qb1 Rdxd4 44. Nd3 Rf8 45. Re3 Qg5 46. Bf3 Qxa5 47. Bxc6 Qa6 48. Bf3 Qd6 49. Qb3 Rf6 50. Ke2 h6 51. Be4 Qc7 52. Bg2 Rc4 53. Bh3 Qc8 54. Kd2 Kh8 55. Qa2 Rc6 56. Qb3 Qa6 57. Qb8+ Rc8 58. Qb3 Qa5+ 59. Ke2 Qh5+ 60. Ke1 Rg6 61. Bxe6 Rg1+ 62. Kd2 Rd8 63. Bh3 Ra1 64. Be6 Rf1 65. Kc2 Qg6 66. Kb2 Re8 67. Bc4 Qf6+ 68. Ka3 Ra1+ 69. Kb4 Rb8+ 70. Bb5 Qd4+ 71. Qc4 Rb1+ 0-1

[Event "Tata Steel-A 86th"]
[Site "Wijk aan Zee"]
[Date "2024.01.18"]
[Round "5"]
[White "Abdusattorov, Nodirbek"]
[Black "Wei, Yi"]
[Result "1/2-1/2"]
[WhiteElo "2727"]
[BlackElo "2740"]
[PlyCount "125"]
[EventDate "2024.01.13"]
[EventType "tourn"]
[EventRounds "13"]
[EventCountry "NED"]
[EventCategory "19"]
[SourceTitle "CB05_2024"]
[SourceDate "2024.01.31"]
[SourceVersion "1"]
[SourceVersionDate "2024.01.31"]
[SourceQuality "1"]

1. d4 Nf6 2. c4 g6 3. Nc3 d5 4. cxd5 Nxd5 5. e4 Nxc3 6. bxc3 Bg7 7. Bc4 c5 8. Ne2 Nc6 9. Be3 0-0 10. 0-0 Bg4 11. f3 Na5 12. Bxf7+ Rxf7 13. fxg4 Rxf1+ 14. Kxf1 Qd6 15. Kg1 Qe6 16. Qc2 cxd4 17. cxd4 Rc8 18. Qd3 Qxg4 19. Kh1 Qd7 20. Bg1 b6 21. a4 Kh8 22. Rf1 Rf8 23. Rxf8+ Bxf8 24. Qf3 Kg8 25. Nf4 Bh6 26. d5 Bxf4 27. Qxf4 Qd6 28. Qg4 e6 29. h3 Nb7 30. Bh2 Qe7 31. Qg3 e5 32. Qc3 Nd6 33. Bxe5 Nxe4 34. Qc8+ Kf7 35. Bf4 Nf6 36. d6 Qe6 37. Qc7+ Nd7 38. Qxa7 g5 39. Bg3 h5 40. Qc7 h4 41. Bf2 g4 42. hxg4 Qxg4 43. Qd8 Qd1+ 44. Bg1 Qxa4 45. Qe7+ Kg6 46. Qe8+ Kf5 47. Bd4 Qd1+ 48. Kh2 Qxd4 49. Qxd7+ Kg5 50. Qe7+ Kf5 51. Qf7+ Kg5 52. Qg8+ Kf5 53. Qc8+ Kg5 54. Qd8+ Kf5 55. Qf8+ Kg5 56. Qe7+ Kf5 57. d7 Qf4+ 58. Kg1 Qc1+ 59. Kf2 Qd2+ 60. Kg1 Qc1+ 61. Kf2 Qd2+ 62. Kg1 Qc1+ 63. Kf2 1/2-1/2

[Event "Wch Blitz"]
[Site "Samarkand"]
[Date "2023.12.30"]
[Round "20"]
[White "Maghsoodloo, Parham"]
[Black "Abdusattorov, Nodirbek"]
[Result "1-0"]
[WhiteElo "2742"]
[BlackElo "2727"]
[PlyCount "64"]
[EventDate "2023.12.29"]
[EventType "swiss (blitz)"]
[EventRounds "21"]
[EventCountry "UZB"]
[SourceTitle "CB01_2024"]
[SourceDate "2024.01.03"]
[SourceVersion "1"]
[SourceVersionDate "2024.01.03"]
[SourceQuality "1"]

1. d4 d5 2. c4 e6 3. Nc3 c5 4. cxd5 exd5 5. Nf3 Nf6 6. Bg5 Be6 7. a3 Nbd7 8. dxc5 Nxc5 9. e3 a6 10. Nd4 Rc8 11. Bd3 Be7 12. 0-0 0-0 13. Rc1 Qb6 14. Rc2 Rfd8 15. Nf5 Bxf5 16. Bxf5 Ne6 17. Bxf6 Bxf6 18. Nxd5 Rxc2 19. Nxf6+ gxf6 20. Qxc2 h6 21. h4 Kg7 22. b4 Qd6 23. Qe4 b5 24. Rc1 Nf8 25. Rc6 Qd1+ 26. Kh2 Rd6 27. Rc7 Rd8 28. Ra7 Qd6+ 29. g3 h5 30. Kg2 Qb6 31. Qe7 Qc6+ 32. e4 Qe8 1-0

[Event "Wch Blitz"]
[Site "Samarkand"]
[Date "2023.12.29"]
[Round "11"]
[White "Abdusattorov, Nodirbek"]
[Black "Moiseenko, Alexander"]
[Result "1/2-1/2"]
[WhiteElo "2727"]
[BlackElo "2570"]
[PlyCount "50"]
[EventDate "2023.12.29"]
[EventType "swiss (blitz)"]
[EventRounds "21"]
[EventCountry "UZB"]
[SourceTitle "CB01_2024"]
[SourceDate "2024.01.03"]
[SourceVersion "1"]
[SourceVersionDate "2024.01.03"]
[SourceQuality "1"]

1. e4 c5 2. Nf3 Nc6 3. Nc3 e5 4. Bc4 Be7 5. d3 d6 6. Nd2 Nf6 7. Nf1 Bg4 8. f3 Be6 9. Ne3 0-0 10. 0-0 a6 11. a4 Nb4 12. Bd2 Re8 13. Kh1 Bf8 14. Qe2 d5 15. exd5 Nfxd5 16. Nexd5 Nxd5 17. Bxd5 Bxd5 18. Nxd5 Qxd5 19. a5 Rad8 20. Ra4 g6 21. b3 Qc6 22. Bc3 Bg7 23. Qf2 Rd5 24. Re1 Re6 25. Rc4 Qb5 1/2-1/2

[Event "Wch Blitz"]
[Site "Samarkand"]
[Date "2023.12.29"]
[Round "1"]
[White "Abdusattorov, Nodirbek"]
[Black "Nesterov, Arseniy"]
[Result "0-1"]
[WhiteElo "2727"]
[BlackElo "2584"]
[PlyCount "156"]
[EventDate "2023.12.29"]
[EventType "swiss (blitz)"]
[EventRounds "21"]
[EventCountry "UZB"]
[SourceTitle "CB01_2024"]
[SourceDate "2024.01.03"]
[SourceVersion "1"]
[SourceVersionDate "2024.01.03"]
[SourceQuality "1"]

1. e4 e5 2. Nf3 Nf6 3. Nc3 Nc6 4. Bb5 Nd4 5. 0-0 Nxb5 6. Nxb5 c6 7. Nc3 d6 8. d4 Qc7 9. Bg5 Be7 10. a4 0-0 11. h3 h6 12. Bxf6 Bxf6 13. d5 a5 14. Qd3 Be7 15. Nd2 f5 16. Qc4 Kh8 17. Ra3 Bg5 18. Nf3 Bd8 19. Rd1 Qf7 20. Nd2 Bb6 21. dxc6 Be6 22. Qb5 Bc5 23. Raa1 bxc6 24. Qe2 Rab8 25. Rab1 Bd4 26. Rf1 fxe4 27. Ncxe4 d5 28. c3 Ba7 29. Ng3 Qg6 30. Kh2 e4 31. b4 axb4 32. cxb4 Rbe8 33. b5 cxb5 34. Rxb5 Bb8 35. Qe3 Bf4 36. Qd4 e3 37. Nf3 exf2 38. Qxf2 Rd8 39. Rb6 Rd6 40. Rfb1 Bg8 41. a5 d4 42. Rxd6 Bxd6 43. Rb6 d3 44. a6 Bxg3+ 45. Kh1 Bxf2 46. Rxg6 Rd8 47. Nd2 Be3 48. Nf1 Bg5 49. a7 d2 50. Nxd2 Bxd2 51. Rd6 Ra8 52. Rxd2 Rxa7 53. Kh2 Kh7 54. Rd6 Ra2 55. Kg3 Bf7 56. Kf3 Rc2 57. Kg3 Be8 58. Kh4 Bf7 59. g4 Rc3 60. g5 Rc4+ 61. Kg3 hxg5 62. Rd3 Rb4 63. Rd6 Bg6 64. Rd5 Kh6 65. Rd6 Kh5 66. Rd5 Be4 67. Rd7 Rb3+ 68. Kf2 Rf3+ 69. Ke2 Kg6 70. Re7 Rf4 71. Re6+ Kf7 72. Re5 Kf6 73. Rc5 Bf5 74. Rc3 Rh4 75. Rc6+ Kf7 76. Rc7+ Kg6 77. Rc6+ Kh7 78. Rc5 g6 0-1

[Event "Wch Blitz"]
[Site "Samarkand"]
[Date "2023.12.29"]
[Round "4"]
[White "Aditya, Mittal"]
[Black "Abdusattorov, Nodirbek"]
[Result "0-1"]
[WhiteElo "2595"]
[BlackElo "2727"]
[PlyCount "84"]
[EventDate "2023.12.29"]
[EventType "swiss (blitz)"]
[EventRounds "21"]
[EventCountry "UZB"]
[SourceTitle "CB01_2024"]
[SourceDate "2024.01.03"]
[SourceVersion "1"]
[SourceVersionDate "2024.01.03"]
[SourceQuality "1"]

1. d4 d5 2. c4 e6 3. Nf3 c5 4. cxd5 exd5 5. Nc3 Nf6 6. Bg5 Be6 7. Bxf6 Qxf6 8. e4 Nd7 9. Bb5 0-0-0 10. 0-0 Nb6 11. exd5 Bxd5 12. Nxd5 Rxd5 13. Rc1 Kb8 14. Re1 Bd6 15. Qe2 cxd4 16. Bd3 Rd8 17. Qe4 g6 18. g3 Bc7 19. Kg2 R5d6 20. Qg4 h5 21. Qg5 Nd5 22. Qxf6 Rxf6 23. a3 a6 24. Ng5 h4 25. Ne4 Rb6 26. b4 a5 27. b5 Bd6 28. a4 Bb4 29. Re2 Nc3 30. Nxc3 dxc3 31. Bc4 Rf6 32. f4 Rd2 33. Rc2 Kc7 34. Kf3 Rxc2 35. Rxc2 Kd6 36. g4 Kc5 37. g5 Kxc4 38. gxf6 Kd3 39. Rc1 c2 40. Kg4 Bd2 41. Rxc2 Kxc2 42. Kg5 Bc3 0-1

[Event "Wch Blitz"]
[Site "Samarkand"]
[Date "2023.12.29"]
[Round "6"]
[White "Isanzhulov, Arystan"]
[Black "Abdusattorov, Nodirbek"]
[Result "0-1"]
[WhiteElo "2407"]
[BlackElo "2727"]
[PlyCount "70"]
[EventDate "2023.12.29"]
[EventType "swiss (blitz)"]
[EventRounds "21"]
[EventCountry "UZB"]
[SourceTitle "CB01_2024"]
[SourceDate "2024.01.03"]
[SourceVersion "1"]
[SourceVersionDate "2024.01.03"]
[SourceQuality "1"]

1. e4 e5 2. Nf3 Nc6 3. Nc3 g6 4. d4 exd4 5. Nxd4 Bg7 6. Nde2 Nf6 7. g3 h5 8. Bg5 d6 9. Nd5 Ne5 10. Nec3 c6 11. Nxf6+ Bxf6 12. Bxf6 Qxf6 13. f4 Ng4 14. h4 Ne3 15. Qd2 Nxf1 16. Rxf1 Bg4 17. Kf2 0-0 18. Ke3 Rfe8 19. Qd4 Qe6 20. Kf2 b5 21. Rae1 a5 22. e5 d5 23. Kg1 Bf5 24. Rf2 b4 25. Ne2 Bxc2 26. Qc5 Be4 27. Kh2 Rac8 28. Rc1 Qg4 29. Nd4 a4 30. Qxb4 c5 31. Rxc5 Qd1 32. Rg2 Rxc5 33. Qxc5 Qf1 34. Nf3 Bxf3 35. Rg1 Qe2+ 0-1

[Event "Wch Rapid"]
[Site "Samarkand"]
[Date "2023.12.26"]
[Round "1"]
[White "Abdusattorov, Nodirbek"]
[Black "Vrolijk, Liam"]
[Result "1-0"]
[WhiteElo "2727"]
[BlackElo "2566"]
[PlyCount "67"]
[EventDate "2023.12.26"]
[EventType "swiss (rapid)"]
[EventRounds "13"]
[EventCountry "UZB"]
[SourceTitle "CB01_2024"]
[SourceDate "2024.01.03"]
[SourceVersion "1"]
[SourceVersionDate "2024.01.03"]
[SourceQuality "1"]

1. d4 Nf6 2. c4 e6 3. Nc3 Bb4 4. e3 0-0 5. Bd3 d5 6. cxd5 exd5 7. Nge2 Re8 8. 0-0 Bd6 9. Bd2 b6 10. Rc1 c5 11. dxc5 bxc5 12. Nb5 Bf8 13. Bc3 Na6 14. Nf4 Bb7 15. b3 Ne4 16. Bb2 Qg5 17. g3 Rad8 18. Nxa7 c4 19. Bxe4 dxe4 20. Qh5 Qxh5 21. Nxh5 cxb3 22. axb3 Bd5 23. Nc6 Rc8 24. Nxg7 Bxg7 25. Ne7+ Kf8 26. Ba3 Bb2 27. Rxc8 Rxc8 28. Nxc8+ Bxa3 29. Ra1 Bb7 30. Rxa3 Bxc8 31. Ra5 f6 32. g4 Ke7 33. Kg2 Nb4 34. Ra4 1-0

[Event "Wch Rapid"]
[Site "Samarkand"]
[Date "2023.12.26"]
[Round "2"]
[White "Hong, Andrew Z"]
[Black "Abdusattorov, Nodirbek"]
[Result "0-1"]
[WhiteElo "2539"]
[BlackElo "2727"]
[PlyCount "80"]
[EventDate "2023.12.26"]
[EventType "swiss (rapid)"]
[EventRounds "13"]
[EventCountry "UZB"]
[SourceTitle "CB01_2024"]
[SourceDate "2024.01.03"]
[SourceVersion "1"]
[SourceVersionDate "2024.01.03"]
[SourceQuality "1"]

1. e4 e5 2. Nf3 Nc6 3. Bc4 Nf6 4. d3 Be7 5. 0-0 0-0 6. Nc3 d6 7. a4 Bg4 8. h3 Bh5 9. Be3 Kh8 10. Nd5 Nxd5 11. Bxd5 Qc8 12. c3 Nd8 13. Kh1 c6 14. Bb3 f5 15. g4 fxg4 16. Nh2 Ne6 17. hxg4 Bg6 18. f3 Nf4 19. d4 Qc7 20. Qd2 Rad8 21. Rad1 d5 22. exd5 Nxd5 23. dxe5 Qxe5 24. Bd4 Qc7 25. Qf2 Nf4 26. Bc2 c5 27. Be3 Nd3 28. Qe2 c4 29. b3 Rfe8 30. Bd4 Bg5 31. Qg2 Nf4 32. Qf2 Re2 33. Bxg6 Rxf2 34. Rxf2 hxg6 35. bxc4 Qxc4 36. Nf1 Qxa4 37. Rb1 Rxd4 38. cxd4 Qxd4 39. Rd2 Qc3 40. Rf2 Bh4 0-1

[Event "CCT Final KO"]
[Site "Toronto"]
[Date "2023.12.14"]
[Round "1.23"]
[White "So, Wesley"]
[Black "Abdusattorov, Nodirbek"]
[Result "0-1"]
[WhiteElo "2752"]
[BlackElo "2727"]
[PlyCount "130"]
[EventDate "2023.12.13"]
[EventType "k.o. (rapid)"]
[EventRounds "2"]
[EventCountry "CAN"]
[SourceTitle "CB52_2023"]
[SourceDate "2023.12.27"]
[SourceVersion "1"]
[SourceVersionDate "2023.12.27"]
[SourceQuality "1"]

1. e4 e5 2. Nf3 Nc6 3. d4 exd4 4. Nxd4 Bb4+ 5. c3 Bc5 6. Nf5 d6 7. Nxg7+ Kf8 8. Nh5 Qh4 9. Ng3 Nf6 10. Be2 Ne5 11. f3 Rg8 12. Kd2 Be6 13. Kc2 Rd8 14. b4 Bb6 15. Bb2 d5 16. Na3 c5 17. bxc5 dxe4 18. cxb6 Rxd1 19. Raxd1 exf3 20. Rd4 Qg5 21. bxa7 Qg6+ 22. Bd3 Nxd3 23. a8Q+ Kg7 24. Qa5 Nf2+ 25. Kc1 Nxh1 26. gxf3 Nxg3 27. hxg3 Qxg3 28. c4 Kg6 29. Rd1 Rc8 30. Kb1 Qxf3 31. Rg1+ Ng4 32. Ka1 h5 33. Qe5 Rg8 34. Nb5 Qf2 35. Qe4+ Bf5 36. Qh1 Re8 37. Nd6 Re2 38. Nxf5 Rxb2 39. Rg2 Rxa2+ 40. Kb1 Rb2+ 41. Ka1 Ra2+ 42. Kb1 Qxf5+ 43. Kxa2 Qe4 44. Kb3 f5 45. Rg1 Qe3+ 46. Kb4 h4 47. Re1 Qd2+ 48. Kb5 Kg5 49. Rb1 Qd7+ 50. Kb6 Qe6+ 51. Kb5 Qe4 52. Qxe4 fxe4 53. Kb6 Ne5 54. Kc5 h3 55. Kd4 Kf4 56. Rxb7 e3 57. Rb1 e2 58. c5 h2 59. Kc3 Ke3 60. Rh1 Nc6 61. Kc2 Ne7 62. Kc3 Nc6 63. Kc2 Nd4+ 64. Kc3 Nf3 65. c6 Ng1 0-1

[Event "CCT Final KO"]
[Site "Toronto"]
[Date "2023.12.14"]
[Round "1.33"]
[White "So, Wesley"]
[Black "Abdusattorov, Nodirbek"]
[Result "1-0"]
[WhiteElo "2752"]
[BlackElo "2727"]
[PlyCount "101"]
[EventDate "2023.12.13"]
[EventType "k.o. (rapid)"]
[EventRounds "2"]
[EventCountry "CAN"]
[SourceTitle "CB52_2023"]
[SourceDate "2023.12.27"]
[SourceVersion "1"]
[SourceVersionDate "2023.12.27"]
[SourceQuality "1"]

1. c4 e6 2. g3 d5 3. Bg2 Nf6 4. Nf3 c5 5. cxd5 exd5 6. d4 Be7 7. 0-0 0-0 8. dxc5 Bxc5 9. a3 h6 10. b4 Be7 11. Bb2 a5 12. b5 Nbd7 13. Nc3 Nb6 14. Na4 Nc4 15. Bd4 Bd7 16. Qb3 Ne4 17. Rfd1 Be6 18. Nb2 Ncd6 19. a4 Nf5 20. Nd3 Rc8 21. Rac1 Qd6 22. Be5 Qb6 23. Qb2 Bf6 24. Bxf6 Nxf6 25. Nd2 Nd4 26. Nf4 Bg4 27. Nf1 Rxc1 28. Rxc1 Rd8 29. Ne3 Be6 30. Rd1 Nf5 31. Nexd5 Bxd5 32. Nxd5 Nxd5 33. Bxd5 Ne7 34. Bb3 Rxd1+ 35. Bxd1 Qd6 36. Bb3 b6 37. Qc2 g5 38. Qe4 Kg7 39. e3 Qf6 40. Kg2 Kf8 41. Qa8+ Kg7 42. Qe4 Kf8 43. Qa8+ Kg7 44. Qd8 Qe5 45. Qxb6 Qe4+ 46. f3 Qb1 47. Qd4+ f6 48. Qc4 Qg6 49. b6 Qe8 50. b7 Nc6 51. Qxc6 1-0

[Event "CCT Final Survival Loser"]
[Site "Toronto"]
[Date "2023.12.12"]
[Round "2.1"]
[White "Abdusattorov, Nodirbek"]
[Black "Nakamura, Hikaru"]
[Result "1/2-1/2"]
[WhiteElo "2727"]
[BlackElo "2788"]
[PlyCount "112"]
[EventDate "2023.12.12"]
[EventType "k.o. (rapid)"]
[EventRounds "2"]
[EventCountry "CAN"]
[SourceTitle "CB50_2023"]
[SourceDate "2023.12.13"]
[SourceVersion "1"]
[SourceVersionDate "2023.12.13"]
[SourceQuality "1"]

1. e4 e5 2. Nf3 Nf6 3. d4 Nxe4 4. Bd3 d5 5. Nxe5 Nd7 6. Nc3 Bb4 7. 0-0 Nxe5 8. dxe5 Nxc3 9. bxc3 Bxc3 10. Rb1 0-0 11. Bxh7+ Kxh7 12. Qd3+ Kg8 13. Qxc3 a5 14. Rd1 Ra6 15. Rb5 Rc6 16. Qd3 Be6 17. Rxb7 Qh4 18. Rb3 Qe4 19. Rc3 Rxc3 20. Qxc3 c5 21. Re1 Qb4 22. Qxb4 axb4 23. a3 Rb8 24. axb4 Rxb4 25. c3 Re4 26. Rxe4 dxe4 27. h3 Kh7 28. Be3 c4 29. Kh2 Kg6 30. Kg3 Kf5 31. Kh4 Bd7 32. g4+ Kxe5 33. Kg5 Ke6 34. Bd4 f5 35. gxf5+ Kf7 36. h4 Ba4 37. Kf4 Bc2 38. Ke5 Bd3 39. Kd5 Bf1 40. Kxe4 Bd3+ 41. Ke5 Bf1 42. Kf4 Bd3 43. Kg5 Be2 44. h5 Bd3 45. f6 gxf6+ 46. Bxf6 Ke6 47. Bg7 Bc2 48. Kf4 Bd3 49. Ke3 Kd5 50. Kd2 Bf5 51. Bd4 Bg4 52. h6 Bf5 53. Kc1 Bh7 54. Kd2 Bg6 55. Ke3 Bh7 56. Bb6 Bg6 1/2-1/2

[Event "CCT Final Survival Loser"]
[Site "Toronto"]
[Date "2023.12.12"]
[Round "2.2"]
[White "Nakamura, Hikaru"]
[Black "Abdusattorov, Nodirbek"]
[Result "1/2-1/2"]
[WhiteElo "2788"]
[BlackElo "2727"]
[PlyCount "61"]
[EventDate "2023.12.12"]
[EventType "k.o. (rapid)"]
[EventRounds "2"]
[EventCountry "CAN"]
[SourceTitle "CB50_2023"]
[SourceDate "2023.12.13"]
[SourceVersion "1"]
[SourceVersionDate "2023.12.13"]
[SourceQuality "1"]

1. e4 e5 2. Nf3 Nc6 3. Bb5 a6 4. Ba4 Nf6 5. d3 d6 6. c3 Be7 7. 0-0 0-0 8. Nbd2 b5 9. Bc2 d5 10. Re1 dxe4 11. Nxe4 Nxe4 12. dxe4 Be6 13. Be3 Qxd1 14. Rexd1 Rfd8 15. Nd2 f6 16. f3 Kf7 17. Kf2 h5 18. Ke1 Na5 19. b4 Nb7 20. a4 c5 21. axb5 axb5 22. bxc5 Nxc5 23. Rxa8 Rxa8 24. Rb1 Na4 25. Rxb5 Nxc3 26. Rb7 Ra1+ 27. Kf2 Ra2 28. Bb3 Bxb3 29. Rxb3 Nd1+ 30. Ke2 Nxe3 31. Kxe3 1/2-1/2

[Event "CCT Final playoff"]
[Site "Toronto"]
[Date "2023.12.12"]
[Round "7.3"]
[White "Vachier Lagrave, Maxime"]
[Black "Abdusattorov, Nodirbek"]
[Result "0-1"]
[WhiteElo "2731"]
[BlackElo "2727"]
[PlyCount "56"]
[EventDate "2023.12.09"]
[EventType "tourn (rapid)"]
[EventRounds "7"]
[EventCountry "CAN"]
[SourceTitle "CB50_2023"]
[SourceDate "2023.12.13"]
[SourceVersion "1"]
[SourceVersionDate "2023.12.13"]
[SourceQuality "1"]

1. e4 e5 2. Nf3 Nc6 3. Bb5 a6 4. Ba4 Nf6 5. 0-0 Be7 6. Re1 b5 7. Bb3 d6 8. c3 0-0 9. h3 Nb8 10. d4 Nbd7 11. c4 Bb7 12. Nc3 b4 13. Nd5 a5 14. a3 c6 15. Nxe7+ Qxe7 16. axb4 axb4 17. Rxa8 Rxa8 18. c5 dxc5 19. dxe5 Nxe5 20. Nxe5 Qxe5 21. Qc2 Ba6 22. f4 Qe7 23. Kh2 Rd8 24. e5 Ng4+ 25. Kg3 Rd3+ 26. Kxg4 h5+ 27. Kxh5 g6+ 28. Kg4 Bc8+ 0-1

[Event "CCT Final playoff"]
[Site "Toronto"]
[Date "2023.12.11"]
[Round "6.1"]
[White "Abdusattorov, Nodirbek"]
[Black "So, Wesley"]
[Result "1/2-1/2"]
[WhiteElo "2727"]
[BlackElo "2752"]
[PlyCount "138"]
[EventDate "2023.12.09"]
[EventType "tourn (rapid)"]
[EventRounds "7"]
[EventCountry "CAN"]
[SourceTitle "CB50_2023"]
[SourceDate "2023.12.13"]
[SourceVersion "1"]
[SourceVersionDate "2023.12.13"]
[SourceQuality "1"]

1. e4 e5 2. Nf3 Nc6 3. d4 exd4 4. Nxd4 Nf6 5. Nxc6 bxc6 6. e5 Qe7 7. Qe2 Nd5 8. g3 g6 9. c4 Ba6 10. b3 Bg7 11. Bb2 0-0 12. Bh3 d6 13. 0-0 Bxe5 14. Bg2 Bxb2 15. Qxb2 Qf6 16. Qxf6 Nxf6 17. Bxc6 Rab8 18. Nc3 Bb7 19. Bxb7 Rxb7 20. Rfe1 Rd8 21. Rad1 Kf8 22. Re3 a5 23. Kg2 Nd7 24. Na4 Nb6 25. Nxb6 Rxb6 26. c5 Rb4 27. cxd6 Rxd6 28. Rxd6 cxd6 29. Kf3 d5 30. Rd3 a4 31. Re3 axb3 32. axb3 h5 33. Ke2 d4 34. Re4 Kg7 35. h4 Kf6 36. Kd2 Kf5 37. Re7 f6 38. Kc2 g5 39. Rc7 gxh4 40. gxh4 Ke4 41. Re7+ Kf3 42. Re6 Kxf2 43. Rxf6+ Kg3 44. Rg6+ Kxh4 45. Kb2 Rb8 46. Rd6 Kg3 47. Rxd4 h4 48. Rd3+ Kg2 49. Rd2+ Kf3 50. Rd3+ Kg4 51. Rd4+ Kg5 52. Rd5+ Kg6 53. Rd6+ Kg7 54. Rd7+ Kf6 55. Rh7 Rb4 56. Ka3 Kg6 57. Rh8 Kg7 58. Rh5 Kg6 59. Rh8 Rf4 60. b4 Kg5 61. Ka4 Kg4 62. Ka5 h3 63. b5 Rf5 64. Ka6 Rh5 65. Rg8+ Kh4 66. Rg1 h2 67. Rh1 Rxb5 68. Rxh2+ Kg3 69. Kxb5 Kxh2 1/2-1/2

[Event "CCT Final playoff"]
[Site "Toronto"]
[Date "2023.12.11"]
[Round "6.3"]
[White "Abdusattorov, Nodirbek"]
[Black "So, Wesley"]
[Result "1/2-1/2"]
[WhiteElo "2727"]
[BlackElo "2752"]
[PlyCount "126"]
[EventDate "2023.12.09"]
[EventType "tourn (rapid)"]
[EventRounds "7"]
[EventCountry "CAN"]
[SourceTitle "CB50_2023"]
[SourceDate "2023.12.13"]
[SourceVersion "1"]
[SourceVersionDate "2023.12.13"]
[SourceQuality "1"]

1. d4 d5 2. c4 dxc4 3. Nf3 Nf6 4. e3 e6 5. Bxc4 c5 6. 0-0 Nc6 7. Nc3 a6 8. Bb3 b5 9. a4 b4 10. Ne2 Bb7 11. Nf4 Na5 12. Bc2 Rc8 13. Ng5 Bd6 14. Nh5 Nxh5 15. Qxh5 g6 16. Qg4 h5 17. Qh4 Be7 18. f4 cxd4 19. Bd1 d3 20. b3 Bf6 21. Rb1 Rc2 22. Bxc2 dxc2 23. Rb2 Bxb2 24. Bxb2 Nxb3 25. Qf2 Qd1 26. f5 gxf5 27. Qf4 Qd8 28. h4 Rg8 29. Qxb4 Qd5 30. Rf2 c1R+ 31. Bxc1 Nxc1 32. Rd2 Nd3 33. Qc3 Ke7 34. Qc7+ Qd7 35. Qxd7+ Kxd7 36. Rxd3+ Bd5 37. Kf2 f6 38. Nf3 Rg4 39. a5 Ra4 40. Nd2 Rxa5 41. g3 Ra2 42. Ke1 a5 43. Nc4 a4 44. Na3 Kc6 45. Rc3+ Kd6 46. Nb5+ Ke5 47. Nd4 a3 48. Nc2 Ke4 49. Nxa3 Kf3 50. Nc2 Be4 51. Nd4+ Kxg3 52. Nxe6 Kxh4 53. Rc7 Ra1+ 54. Kd2 Ra2+ 55. Kc1 Ra1+ 56. Kb2 Rb1+ 57. Ka3 Re1 58. Kb4 Rxe3 59. Rg7 Rg3 60. Rh7 Kg4 61. Rg7+ Kh4 62. Rh7 Kg4 63. Rg7+ Kh4 1/2-1/2